Математическое моделирование разрушения полости открытого типа при взаимодействии со струей вязкой жидкости в условиях высокотемпературного тепломассообмена; Известия Томского политехнического университета [Известия ТПУ]; Т. 306, № 6
| Parent link: | Известия Томского политехнического университета [Известия ТПУ]/ Томский политехнический университет (ТПУ).— , 2000- Т. 306, № 6.— 2003.— [С. 73-77] |
|---|---|
| المؤلف الرئيسي: | |
| الملخص: | Заглавие с титульного листа Электронная версия печатной публикации Проведено численное исследование сопряжённого теплообмена и гидродинамики при движении вязкой жидкости в открытой прямоугольной полости с учётом процесса её разрушения. Получены гидродинамические картины вязкого течения в полости в условиях её разрушения и температурные поля для твёрдой и жидкой фаз. Изучено влияние динамических параметров и геометрических характеристик на формирование контуров образующихся кратеров. |
| اللغة: | الروسية |
| منشور في: |
2003
|
| سلاسل: | Технические науки |
| الموضوعات: | |
| الوصول للمادة أونلاين: | http://www.lib.tpu.ru/fulltext/v/Bulletin_TPU/2003/v306/i6/17.pdf |
| التنسيق: | MixedMaterials الكتروني فصل الكتاب |
| KOHA link: | https://koha.lib.tpu.ru/cgi-bin/koha/opac-detail.pl?biblionumber=167954 |
MARC
| LEADER | 00000nla2a2200000 4500 | ||
|---|---|---|---|
| 001 | 167954 | ||
| 005 | 20231031162936.0 | ||
| 035 | |a (RuTPU)RU\TPU\book\182217 | ||
| 035 | |a RU\TPU\book\182216 | ||
| 090 | |a 167954 | ||
| 100 | |a 20091022d2003 k y0rusy50 ca | ||
| 101 | 0 | |a rus | |
| 102 | |a RU | ||
| 135 | |a drnn ---uucaa | ||
| 181 | 0 | |a i | |
| 182 | 0 | |a b | |
| 200 | 1 | |a Математическое моделирование разрушения полости открытого типа при взаимодействии со струей вязкой жидкости в условиях высокотемпературного тепломассообмена |b Электронный ресурс |f А. В. Крайнов | |
| 203 | |a Текст |c электронный | ||
| 215 | |a 1 файл (443 Кб) | ||
| 225 | 1 | |a Технические науки | |
| 230 | |a Электронные текстовые данные (1 файл : 443 Кб) | ||
| 300 | |a Заглавие с титульного листа | ||
| 300 | |a Электронная версия печатной публикации | ||
| 320 | |a [Библиогр.: с. 77 (15 назв.)] | ||
| 330 | |a Проведено численное исследование сопряжённого теплообмена и гидродинамики при движении вязкой жидкости в открытой прямоугольной полости с учётом процесса её разрушения. Получены гидродинамические картины вязкого течения в полости в условиях её разрушения и температурные поля для твёрдой и жидкой фаз. Изучено влияние динамических параметров и геометрических характеристик на формирование контуров образующихся кратеров. | ||
| 337 | |a Adobe Reader | ||
| 461 | 1 | |0 (RuTPU)RU\TPU\book\176237 |t Известия Томского политехнического университета [Известия ТПУ] |f Томский политехнический университет (ТПУ) |d 2000- | |
| 463 | 1 | |0 (RuTPU)RU\TPU\book\182122 |t Т. 306, № 6 |v [С. 73-77] |d 2003 |p 167 с. | |
| 610 | 1 | |a математическое моделирование | |
| 610 | 1 | |a разрушение | |
| 610 | 1 | |a прямоугольные полости | |
| 610 | 1 | |a вязкая жидкость | |
| 610 | 1 | |a высокотемпературный тепломассообмен | |
| 610 | 1 | |a гидродинамические картины | |
| 610 | 1 | |a температурные поля | |
| 610 | 1 | |a твердые фазы | |
| 610 | 1 | |a жидкие фазы | |
| 610 | 1 | |a динамические параметры | |
| 610 | 1 | |a геометрические характеристики | |
| 610 | 1 | |a контуры кратеров | |
| 610 | 1 | |a труды учёных ТПУ | |
| 610 | 1 | |a электронный ресурс | |
| 700 | 1 | |a Крайнов |b А. В. |c специалист в области теплотехники |c доцент Томского политехнического университета, кандидат физико-математических наук |f 1974- |g Александр Валерьевич |2 stltpush |3 (RuTPU)RU\TPU\pers\26016 | |
| 801 | 1 | |a RU |b 63413507 |c 20090623 |g PSBO | |
| 801 | 2 | |a RU |b 63413507 |c 20210521 |g PSBO | |
| 856 | 4 | |u http://www.lib.tpu.ru/fulltext/v/Bulletin_TPU/2003/v306/i6/17.pdf | |
| 942 | |c CF | ||